Le iscrizioni relative all'introduzione nel 9 a.C del nuovo calendario della provincia d'Asia
Uloženo v:
| Hlavní autor: | |
|---|---|
| Médium: | Kniha |
| Jazyk: | italština |
| Vydáno: |
Pisa
Studi Classici e Orientali
1967
|
| Vydání: | 1a. ed |
| Témata: | |
| Tagy: |
Přidat tag
Žádné tagy, Buďte první, kdo vytvoří štítek k tomuto záznamu!
|
MARC
| LEADER | 00000cam a2200000 a 4500 | ||
|---|---|---|---|
| 001 | UCD8882 | ||
| 003 | CL-VaPUC | ||
| 005 | 20240524130209.0 | ||
| 008 | 170527e19670000it |||||||||||||||||ita|d | ||
| 999 | |c 368189 |d 368187 | ||
| 040 | |c Pontificia Universidad Católica de Valparaíso | ||
| 082 | 0 | 4 | |a 411.7 |b LAF |2 21 |
| 100 | |a Laffi, Umberto |e autore |9 889070 | ||
| 245 | 1 | 3 | |a Le iscrizioni relative all'introduzione nel 9 a.C del nuovo calendario della provincia d'Asia |
| 250 | |a 1a. ed | ||
| 260 | |a Pisa |b Studi Classici e Orientali |c 1967 | ||
| 300 | |a 98 p | ||
| 583 | |a last modification |c 20170527 00:32:00 |k Rodrigo Vera | ||
| 650 | 7 | |a EPIGRAFIA |2 CL-VaPUC |9 340320 | |
| 650 | 0 | |a Escrituras antiguas |9 340321 | |
| 650 | 7 | |a ESCRITURA HISTORICA |2 CL-VaPUC |9 340319 | |
| 942 | |c BK |2 ddc | ||
| 945 | |d 20170527 00:32:00 |a arojas | ||
| 952 | |0 0 |1 0 |3 erb |4 0 |6 411_700000000000000_LAF_1967 |7 0 |8 A |9 483460 |a FDOLAF |b FDOLAF |e Laffi, Umberto, 1939- |i 5392128 |o 411.7 LAF 1967 |p 5392128 |r 2024-01-30 |w 2019-11-24 |y BK |z Catalogado en:20170527 |k LAF | ||